书目信息 |
| 题名: |
实用建筑CAD制图
|
|
| 作者: | 汤延庆 | |
| 分册: | ||
| 出版信息: | 哈尔滨 哈尔滨工业大学出版社 2002.08 |
|
| 页数: | 165页 | |
| 开本: | 28cm | |
| 丛书名: | ||
| 单 册: | ||
| 中图分类: | TU204 | |
| 科图分类: | ||
| 主题词: | 建筑设计 | |
| 电子资源: | ||
| ISBN: | 7-5603-1759-6 | |
| 000 | 00567nam0 2200205 45 | |
| 001 | 8061451778 | |
| 005 | 1980011117041119 | |
| 010 | @a7-5603-1759-6@dRMB 16.00 | |
| 100 | @a19800111d2002 km y0chiy0120 ea | |
| 101 | 0 | @achi |
| 102 | @aCN@b230000 | |
| 200 | 1 | @a实用建筑CAD制图@Ashi yong jian zhu CAD zhi tu@f汤延庆@FTang Yan Qing |
| 210 | @a哈尔滨@c哈尔滨工业大学出版社@d2002.08 | |
| 215 | @a165页@d28cm | |
| 300 | @a高职高专教材 | |
| 606 | 0 | @a建筑设计 |
| 690 | @aTU204@v3 | |
| 701 | 0 | @a汤延庆@ATang Yan Qing |
| 801 | 0 | @aCN@bPFT@c19800111 |
| 905 | @a@dTU204@eT225 | |
| 实用建筑CAD制图/汤延庆.-哈尔滨:哈尔滨工业大学出版社,2002.08 |
| 165页;28cm |
| 高职高专教材 |
| ISBN 7-5603-1759-6:RMB 16.00 |
| ● |
| 相关链接 |
|
|
|
正题名:实用建筑CAD制图
索取号:TU204/T225
 
预约/预借
| 序号 | 登录号 | 条形码 | 馆藏地/架位号 | 状态 | 备注 |
| 1 | 371752 | 203717521 | 建筑库101/101建筑库 109排1列4层/ [索取号:TU204/T225] | 在馆 | |
| 2 | 371753 | 203717530 | 建筑库101/101建筑库 109排1列4层/ [索取号:TU204/T225] | 在馆 | |
| 3 | 371754 | 203717549 | 建筑库101/101建筑库 109排1列4层/ [索取号:TU204/T225] | 在馆 |